Estatísticas para Os 15 principais países com mortes por Covid19 - 1 de setembro 2021

Clique aqui para jogar o quiz

Estatísticas Gerais

  • Esse quiz foi jogado 7 vezes
  • A pontuação média é 12 de 25

Estatísticas das Respostas

país% Correto
Brasil
100%
Estados Unidos
100%
Espanha
86%
França
86%
Índia
86%
Itália
86%
Reino Unido
86%
Rússia
71%
Alemanha
57%
Argentina
57%
Bélgica
57%
Indonésia
57%
Irão
57%
Colômbia
43%
México
43%
Peru
43%
Paraguai
29%
Bósnia e Herzegovina
14%
Chéquia
14%
Eslováquia
14%
Eslovénia
14%
Hungria
14%
Macedónia do Norte
14%
Bulgária
0%
Croácia
0%

Distribuição das Pontuações

Percentil de Números Respondidos

Porcentagem de Pessoas com Cada Pontuação

Sua Pontuação Histórica

Você não jogou esse quiz